000 00408nam a2200109Ia 4500
008 160909s9999 xx 000 0 und d
100 _aTennyson, Donna
245 _aLessons learned from Hurricane Sandy survivors: A qualitative intrinsic single-case study
260 _bUniversity of Phoenix.
_c2016
650 _aHUMAN RESOURCE MANAGEMENT
856 _uhttp://pqdtopen.proquest.com/doc/1793669187.html?FMT=ABS
999 _c304733
_d304733